00374nam a2200109Ia 4500008004100000100002800041245003400069260006900103300001100172650001300183856006800196160712s9999 xx 000 0 und d aKimuell-Gabriel, Nancy  cNancy Kimuell-GabrielaKubeta c2014bLikhaan: The Journal of Contemporary Philippine Literature avol. 8 xSANAYSAY uhttp://journals.upd.edu.ph/index.php/lik/issue/view/538/showToc